<?xml version="1.0" encoding="UTF-8"?>
<record
    xmlns:xsi="http://www.w3.org/2001/XMLSchema-instance"
    xsi:schemaLocation="http://www.loc.gov/MARC21/slim http://www.loc.gov/standards/marcxml/schema/MARC21slim.xsd"
    xmlns="http://www.loc.gov/MARC21/slim">

  <leader>02129cam a2200433 i 4500</leader>
  <controlfield tag="001">768714001</controlfield>
  <controlfield tag="003">CO-MdFUSB</controlfield>
  <controlfield tag="005">20260429153943.0</controlfield>
  <controlfield tag="007">ta</controlfield>
  <controlfield tag="008">221029t2017    ec ||||| |||| 001 0 spa d</controlfield>
  <datafield tag="020" ind1=" " ind2=" ">
    <subfield code="a">978-9942-949-12-7</subfield>
  </datafield>
  <datafield tag="040" ind1=" " ind2=" ">
    <subfield code="b">spa.</subfield>
    <subfield code="a">CO-MdFUSB</subfield>
    <subfield code="c">CO-MdFUSB</subfield>
    <subfield code="d">CO-MdFUSBC</subfield>
    <subfield code="e">rda</subfield>
  </datafield>
  <datafield tag="041" ind1=" " ind2=" ">
    <subfield code="a">spa</subfield>
  </datafield>
  <datafield tag="082" ind1="0" ind2="4">
    <subfield code="2">23</subfield>
    <subfield code="a">284</subfield>
    <subfield code="b">R616</subfield>
  </datafield>
  <datafield tag="100" ind1=" " ind2=" ">
    <subfield code="a">Rivadeneira, Ronald </subfield>
    <subfield code="e">autor</subfield>
  </datafield>
  <datafield tag="245" ind1="1" ind2="0">
    <subfield code="a">Con sed por lo sagrado : </subfield>
    <subfield code="b">hacia una reforma en la Iglesia Evang&#xE9;lica Ecuatoriana. Recursos para la reflexi&#xF3;n y la acci&#xF3;n</subfield>
    <subfield code="c">/ Ronald Rivadeneira , Wilmer Simba&#xF1;a , Eduardo Vega , Mauricio Carpio ; compilado y dirigido por Iv&#xE1;n Balarezo</subfield>
  </datafield>
  <datafield tag="264" ind1=" " ind2="1">
    <subfield code="b">Sociedades B&#xED;blicas Unidas en Ecuador, </subfield>
    <subfield code="a">Quito, Ecuador : </subfield>
    <subfield code="c">[2017]</subfield>
  </datafield>
  <datafield tag="264" ind1=" " ind2="4">
    <subfield code="c">&#xA9;2017</subfield>
  </datafield>
  <datafield tag="300" ind1=" " ind2=" ">
    <subfield code="a">78 p&#xE1;ginas</subfield>
    <subfield code="c">; 21 cm</subfield>
  </datafield>
  <datafield tag="336" ind1=" " ind2=" ">
    <subfield code="2">rdacontent</subfield>
    <subfield code="a">texto</subfield>
    <subfield code="b">txt</subfield>
  </datafield>
  <datafield tag="337" ind1=" " ind2=" ">
    <subfield code="2">rdamedia</subfield>
    <subfield code="a">sin mediaci&#xF3;n</subfield>
    <subfield code="b">n</subfield>
  </datafield>
  <datafield tag="338" ind1=" " ind2=" ">
    <subfield code="2">rdacarrier</subfield>
    <subfield code="a">volumen</subfield>
    <subfield code="b">nc</subfield>
  </datafield>
  <datafield tag="500" ind1=" " ind2=" ">
    <subfield code="a">Incluye &#xED;ndice general.</subfield>
  </datafield>
  <datafield tag="505" ind1=" " ind2=" ">
    <subfield code="a">Un contexto necesario: &#xBF;por qu&#xE9; hace falta una nueva reforma en las iglesias evang&#xE9;licas hoy? -- El liderazgo evang&#xE9;lico actual: &#xBF;a d&#xF3;nde vamos? -- La iglesia-empresa: &#xBF;qu&#xE9; vendr&#xE1; luego? -- La importancia de la educaci&#xF3;n cristiana en la construcci&#xF3;n de la fe -- El cerco de la denominaci&#xF3;n -- Discursos y dispositivos de dominaci&#xF3;n e iglesia -- Supersticiones y fetiches en la fe -- Con la mirada en el cielo, pero con los pies en la tierra -- La centralidad de la Biblia en el culto -- &#xBF;Sal de la sociedad o gueto religioso?: el desaf&#xED;o de la incidencia social -- Cuidado de la creaci&#xF3;n y fe.</subfield>
  </datafield>
  <datafield tag="563" ind1=" " ind2=" ">
    <subfield code="a">R&#xFA;stico</subfield>
  </datafield>
  <datafield tag="650" ind1=" " ind2="0">
    <subfield code="a">Reforma de la iglesia</subfield>
    <subfield code="9">958</subfield>
  </datafield>
  <datafield tag="650" ind1=" " ind2="0">
    <subfield code="a">Historia de la Iglesia</subfield>
    <subfield code="9">153</subfield>
  </datafield>
  <datafield tag="653" ind1=" " ind2=" ">
    <subfield code="a">Iglesia Evang&#xE9;lica &#x2013; Ecuador</subfield>
  </datafield>
  <datafield tag="653" ind1=" " ind2=" ">
    <subfield code="a">Liderazgo cristiano</subfield>
  </datafield>
  <datafield tag="653" ind1=" " ind2=" ">
    <subfield code="a">Reforma de la Iglesia</subfield>
  </datafield>
  <datafield tag="653" ind1=" " ind2=" ">
    <subfield code="a">Iglesia y sociedad</subfield>
  </datafield>
  <datafield tag="653" ind1=" " ind2=" ">
    <subfield code="a">Educaci&#xF3;n cristiana</subfield>
  </datafield>
  <datafield tag="700" ind1=" " ind2=" ">
    <subfield code="a">Simba&#xF1;a, Wilmer</subfield>
    <subfield code="9">11370</subfield>
    <subfield code="e">autor</subfield>
  </datafield>
  <datafield tag="700" ind1=" " ind2=" ">
    <subfield code="a">Vega, Eduardo</subfield>
    <subfield code="9">11371</subfield>
    <subfield code="e">autor</subfield>
  </datafield>
  <datafield tag="700" ind1=" " ind2=" ">
    <subfield code="a">Carpio, Mauricio</subfield>
    <subfield code="9">11372</subfield>
    <subfield code="e">autor</subfield>
  </datafield>
  <datafield tag="700" ind1=" " ind2=" ">
    <subfield code="a">Balarezo, Iv&#xE1;n </subfield>
    <subfield code="9">11239</subfield>
    <subfield code="e">compilador</subfield>
  </datafield>
  <datafield tag="942" ind1=" " ind2=" ">
    <subfield code="c">BK</subfield>
  </datafield>
  <datafield tag="945" ind1=" " ind2=" ">
    <subfield code="a">Catherine Arias Alvarez</subfield>
  </datafield>
  <datafield tag="952" ind1=" " ind2=" ">
    <subfield code="0">0</subfield>
    <subfield code="1">0</subfield>
    <subfield code="2">ddc</subfield>
    <subfield code="4">0</subfield>
    <subfield code="7">0</subfield>
    <subfield code="8">GEN</subfield>
    <subfield code="a">FUSBC</subfield>
    <subfield code="b">FUSBC</subfield>
    <subfield code="d">2025-04-18</subfield>
    <subfield code="l">0</subfield>
    <subfield code="o">G 284 R616c</subfield>
    <subfield code="p">25343</subfield>
    <subfield code="r">2025-04-18 00:00:00</subfield>
    <subfield code="t">Ej. 1</subfield>
    <subfield code="w">2025-04-18</subfield>
    <subfield code="y">BK</subfield>
    <subfield code="B">0</subfield>
    <subfield code="k">21</subfield>
  </datafield>
  <datafield tag="999" ind1=" " ind2=" ">
    <subfield code="c">71288</subfield>
    <subfield code="d">71288</subfield>
  </datafield>
</record>
